000 00268nam a22001217a 4500
008 170322b xxu||||| |||| 00| 0 eng d
041 _aeng
080 _a616.9
100 _a7
101 _aSHM
245 _aREVIEWS OF INFECTOUS DISEASE
_cBASS, J.W
942 _2udc
_cBK
999 _c8416
_d8416